000 00303nam a2200121Ia 4500
008 191201s2008 xx 000 0 und d
100 _aSILBERSCHATZ,Abraham
245 0 _aOperating Systems Concepts
260 _c2008
_bWiley Dreautech India
_aN.Delhi
300 _a951
650 _aMCA
942 _2ddc
_cBB
999 _c7477
_d7477